| 000 | 01364nam a2200241Ia 4500 | ||
|---|---|---|---|
| 003 | Ost | ||
| 005 | 20260507075606.0 | ||
| 008 | 260507s9999||||xx |||||||||||||| ||und|| | ||
| 020 | _a9789777332569 | ||
| 040 | _cfsecg | ||
| 041 | _aara | ||
| 082 | _a336 | ||
| 100 |
_aمحمود، رمزي _eمؤلف |
||
| 245 | 0 |
_aالتيسير الكمي : _bسياسة نقدية غير تقليدية لتنشيط الاقتصاد القومي / _c رمزي محمود |
|
| 260 |
_aالإسكندرية: _bدار التعليم الجامعي, _c2019 |
||
| 300 |
_a265 صفحة؛ _bإيضاحات ؛ _c24 سم |
||
| 504 | _aببليوغرافيا ص.257 | ||
| 520 | _aتناول هذا الكتاب موضوع التيسير الكمي، حيث قدم من خلال فصول دراسته اطلاله على السياسات التي تتبعها الحكومات لتنشيط الاقتصاد القومي، بالاضافة الى السياسة النقدية وسياسة التيسير الكمي في أوروبا وفي اليابان وفي الصين وفي الدول الناشئة، والدفعة الأولى والثانية والثالثة من التيسير الكمي الأمريكي . | ||
| 653 | _aالتيسير الكمي | ||
| 653 | _aالسياسات الاقتصادية | ||
| 653 | _aالسياسة النقدية | ||
| 942 | _cكتاب | ||
| 999 |
_c45044 _d45044 |
||